[ Papers presented at Business valuations - property related held at Kuala Lumpur Golf and Country Club on October 21 2003 ]

Bibliographic Details
Corporate Author: Business valuations - property related
Format: Book
Language:English
Published: 2003
Subjects:

MARC

LEADER 00000cam a2200000 7i4500
001 0000008283
005 20170214.0
008 170111 my eng
040 |a INS 
090 0 0 |a S329 
110 1 |a Business valuations - property related   |k 2003   |c Kuala Lumpur 
245 1 0 |a [ Papers presented at Business valuations - property related held at Kuala Lumpur Golf and Country Club on October 21 2003 ] 
260 |c 2003 
300 |a v. ( Various paging ) :   |b ill. ;   |c 30 cm. 
500 |a Organised by Institution of Surveyors Malaysia 
500 |a Unpublished 
650 0 |a Business enterprises   |x Valuation   |v Congresses 
999 |a S000000909   |b BOOK   |c Seminar   |e Default branch